000 00592nam a22001817a 4500
003 CEME
005 20210628203432.0
008 210122b xxu||||| |||| 00| 0 eng d
020 _a1-85233-799-0
040 _cceme
082 _a621.100113 DAN
100 _aDankowicz, Harry
_965447
245 _aMultibody mechancis and visualization
260 _aNEW YORK
_bSPRINGER
_c2005
300 _aXVIII,510 P
650 _aMAMBO - COMPUTER FILE. MECHANICS, APPLIED - COMPUTER SIMULATION. MECHANICS, APPLIED - MATHEMATICAL MODELS.MULTIBODY MECHANCIS AND VISUALIZATION
_965448
942 _cBK
_2ddc
999 _c573653
_d573653